Library of the University of Algiers 3
Ibrahim Sultan Cheibout
شعار جامعة الجزائر 3
مكتبة جامعة الجزائر 3
إبراهيم سلطان شيبوط

أساسيات في دراسة الإدارة العامة / (رقم التسجيلة. 45195)

تفاصيل مارك
000 -LEADER
fixed length control field 02083nam a2200205Ia 4500
003 - CONTROL NUMBER IDENTIFIER
control field Ost
005 - DATE AND TIME OF LATEST TRANSACTION
control field 20260507075631.0
008 - FIXED-LENGTH DATA ELEMENTS--GENERAL INFORMATION
fixed length control field 260507s9999||||xx |||||||||||||| ||und||
040 ## - CATALOGING SOURCE
Transcribing agency fsecg
041 ## - LANGUAGE CODE
Language code of text/sound track or separate title ara
082 ## - DEWEY DECIMAL CLASSIFICATION NUMBER
Classification number 658
100 ## - MAIN ENTRY--PERSONAL NAME
Personal name المصري، سعيد محمد
Relator term مؤلف
245 #0 - TITLE STATEMENT
Title أساسيات في دراسة الإدارة العامة /
Statement of responsibility, etc. سعيد محمد المصري
250 ## - EDITION STATEMENT
Edition statement طبعة 3
260 ## - PUBLICATION, DISTRIBUTION, ETC.
Place of publication, distribution, etc. الرياض:
Name of publisher, distributor, etc. دار المريخ,
Date of publication, distribution, etc. 2001
300 ## - PHYSICAL DESCRIPTION
Extent 461 صفحة؛
Dimensions 23 سم
520 ## - SUMMARY, ETC.
Summary, etc. المحتويات : الباب الأول : قضايا ومفاهيم أساسية : المبحث الأول : مفهوم الإدارة العامة وطبيعة منظامتها : المبحث الثاني : مفهوم الدولة والحكومة-الباب الثاني : لصالح العام ومنظمات الأدارة العامة : المبحث الأول : مفهوم الصالح العام : الباب الثالث : التنظيم وأبعاده الرئيسية في مجال الإدارة العامة : المبحث الأول : الدراسات التنظيمية ومفهوم النظم-الباب الرابع : البيروقراطية وبنيئة الإدارة العامة : المبحث الأول : ظاهرة البيروقراتطية والإدارة العامة-الباب الخامس : التركيبة البيئية للإدارة العامة : المبحث الأول : عناصر البيئة وآثرها على الإدارة العامة : المبحث الثاني : عناصر البيئة الاقتصادية وآثرها على الإدارة العامة-الباب السادس : القيادة وعملية اتخاذ القرارات في منظمات الإدارة العامة : المبحث الأول : عملية اتخاذ القرارات وأبعادها في منظمات الإدارة العامة : المبحث الثاني : عملية القيادة وأبعادها في منظمات الأدارة العامة
653 ## - INDEX TERM--UNCONTROLLED
Uncontrolled term الإدارة العامة
942 ## - ADDED ENTRY ELEMENTS (KOHA)
Koha item type كتب
المقتنيات
Withdrawn status Lost status Source of classification or shelving scheme Damaged status Not for loan Home library Current library Date acquired Serial enumeration / chronology Inventory number Total checkouts Full call number Barcode Date last seen Price effective from Koha item type
    Dewey Decimal Classification   NOT LOAN / إعارة داخلية مكتبة كلية العلوم الإقتصادية والعلوم التجارية وعلوم التسيير مكتبة كلية العلوم الإقتصادية والعلوم التجارية وعلوم التسيير 07/05/2026 الطابق الأرضي 768/1   أ/768ن1 768/1 07/05/2026 07/05/2026 كتب

موارد الويب المفتوحة


© University of Algiers 3 All Rights Reserved
|
Implemented by LECHELAH Riad